Materiales para el aula de ciencias de la naturaleza

Gespeichert in:
Bibliographische Detailangaben
Format: Buch
Sprache:Spanisch
Erschienen: Fuenlabrada, Madrid : CEP de Fuenlabrada, [1994]
Katalog:MANES:  Suchergebnis im Bibliothekskatalog
Schulbuchspezifische Eigenschaften:
Schriftenreihe:Cuaderno de trabajo (CEP de Fuenlabrada) ; 13
Schlagworte:
Tags: Tag hinzufügen
Keine Tags, Fügen Sie den ersten Tag hinzu!
Hinzugefügt zu:20.10.1998
Geändert in:07.05.2025

MARC

LEADER 00000camaa2200000 i 4500
005 20250507134428.0
008 981021s1994 esp fp 000 0 spa d
020 |a 8488377185 
040 |a uned  |b spa  |c entro-manes 
245 0 0 |a Materiales para el aula de ciencias de la naturaleza 
260 |a Fuenlabrada, Madrid :   |b CEP de Fuenlabrada,   |c [1994] 
300 |a 79, 101 p. :   |b il. 
490 1 |a Cuaderno de trabajo ;   |v 13 
500 |a Tít. tomado de la cub.  |a Contiene: La estación meteorológica : proyecto para un programa de diversificación curricular (Segundo ciclo de la E.S.O.) / Mª José Morales Abad.-- Interacción gravitatoria / L.Angel Espada Díaz 
546 |a España 
561 |5 es-BUNED  |3 L.T.M. 1835  |a España. Fondo Manes UNED  |k MANES 
690 0 |a CN 
650 7 |a Manual del docente  |9 36315 
691 0 |a SE 
830 0 |a Cuaderno de trabajo (CEP de Fuenlabrada) ;   |v 13  |9 37693 
942 |2 ddc  |c BK 
999 |c 94271  |d 94271 
999 |c manes:94271  |d 94271